| 000 | 00514nam a2200181Ia 4500 | ||
|---|---|---|---|
| 999 |
_c29484 _d29484 |
||
| 003 | OSt | ||
| 005 | 20201228141039.0 | ||
| 008 | 190216s9999||||xx |||||||||||||| ||und|| | ||
| 020 | _a9788126423248 | ||
| 040 | _coclc | ||
| 082 |
_a894.8121 _bSAT/M |
||
| 100 |
_aSatchidanandan, K _96203 |
||
| 245 | 0 |
_aMarannuvecha Vasthukkal / _cK Satchidanandan |
|
| 260 |
_bDc Books, _a Kottayam: _c2009. |
||
| 300 | _a140p | ||
| 650 | _aKavithkal | ||
| 942 |
_cBK _2ddc _h894.8121 _iSAT/M _k894.8121 _mSAT/M |
||